Lectura y vida
Saved in:
| Hovedforfatter: | |
|---|---|
| Format: | Bog |
| Sprog: | spansk |
| Udgivet: |
Washington, D.C
Organizacion de los Estados Americanos
1994
|
| Serier: | Interamer, 38. Serie Educativa
|
| Fag: | |
| Tags: |
Tilføj Tag
Ingen Tags, Vær først til at tagge denne postø!
|
MARC
| LEADER | 00000nam a2200000 a 4500 | ||
|---|---|---|---|
| 001 | UCI2838 | ||
| 003 | CL-VaPUC | ||
| 008 | 070928e19940000us |||||||||||||||||spa|d | ||
| 020 | |a 0827031734 | ||
| 082 | 0 | 4 | |a 418.4 |b ROD |2 21 |
| 100 | 0 | |a Rodríguez, María Elena |e author |9 524026 | |
| 245 | 1 | 0 | |a Lectura y vida |
| 300 | |a 115 p | ||
| 942 | |c BK | ||
| 945 | |d 20070928 00:00:00 |a rbrito | ||
| 260 | |a Washington, D.C |b Organizacion de los Estados Americanos |c 1994 | ||
| 650 | 0 | |a Lectura |9 307634 | |
| 650 | 0 | |a Técnicas de comunicación |9 334811 | |
| 650 | 0 | |a Enseñanza de la lectura |9 308364 | |
| 650 | 0 | |a Alfabetización |9 310435 | |
| 650 | 7 | |a HABITO DE LECTURA |2 CL-VaPUC |9 334231 | |
| 650 | 0 | |a Promoción de la lectura |9 334232 | |
| 583 | |a last modification |c 20171130 05:20:45 |k Rodrigo Vera | ||
| 490 | 0 | |a Interamer, 38. Serie Educativa | |
| 999 | |c 327260 |d 327258 | ||
| 952 | |0 0 |1 0 |4 0 |6 418_400000000000000_ROD_1994 |7 0 |8 A |9 409831 |a FDOPOS |b FDOPOS |d 2019-11-22 |i 4375041 |o 418.4 ROD 1994 |p 4375041 |r 2025-01-22 |w 2019-11-22 |y BK |k MLA | ||